|
|
|
|
| LEADER |
00000nas a2200000 a 4500 |
| 001 |
ssj0001958 |
| 003 |
WaSeSS |
| 005 |
20200512172242.0 |
| 006 |
m d |
| 007 |
cr n |
| 008 |
011016d19632012scuqr p s 0 a0eng |
| 010 |
|
|
|a 2007233422
|
| 022 |
|
|
|a 2168-9032
|y 0039-3789
|
| 035 |
|
|
|a (WaSeSS)ssj0001958
|
| 040 |
|
|
|a BUF
|b eng
|c BUF
|d OCLCQ
|d BUF
|d GUA
|d ZAD
|d DLC
|d OCLCQ
|d TXA
|d OCLCQ
|d OCLCF
|d COO
|d OCLCQ
|d VT2
|d COD
|d WaSeSS
|
| 042 |
|
|
|a pcc
|a nsdp
|
| 050 |
1 |
4 |
|a PN3311
|b .S8
|
| 082 |
1 |
0 |
|a 810
|2 14
|
| 130 |
0 |
|
|a Studies in short fiction (Online)
|
| 222 |
|
0 |
|a Studies in short fiction
|b (Online)
|
| 245 |
1 |
0 |
|a Studies in short fiction
|h [electronic resource].
|
| 260 |
|
|
|3 1963-1999 :
|a Newberry, S.C. :
|b Newberry College,
|c ©1963-
|
| 260 |
3 |
|
|3 2012 :
|a Newberry, SC :
|b Studies in Short Fiction
|
| 310 |
|
|
|a Quarterly
|
| 362 |
1 |
|
|a Began with: Vol. 1, no. 1 (fall 1963); ceased with: Vol. 37, no. 1 (winter 2012).
|
| 500 |
|
|
|a Publication suspended in 2000 with v. 36, no. 4 (fall 1999)--and resumed in 2012 with v. 37, no. 1 (winter 2012).
|
| 506 |
|
|
|a License restrictions may limit access.
|
| 588 |
|
|
|a Description based on: Vol. 1, no. 1 (fall 1963); title from PDF table of contents (PAO, viewed Dec. 4, 2012).
|
| 588 |
|
|
|a Latest issue consulted: Vol. 37, no. 1 (winter 2012) (Proquest website, viewed Oct. 24, 2019).
|
| 650 |
|
0 |
|a Fiction
|x History and criticism
|v Periodicals.
|
| 650 |
|
7 |
|a Fiction.
|2 fast
|0 (OCoLC)fst00923709
|
| 655 |
|
0 |
|a Electronic journals.
|
| 710 |
2 |
|
|a Newberry College.
|
| 776 |
0 |
8 |
|i Print version:
|t Studies in short fiction
|x 0039-3789
|w (DLC) 64009357
|w (OCoLC)1605955
|
| 856 |
4 |
0 |
|z Full text available from Research Library: 01/01/1994 to 10/31/1999
|u https://search.proquest.com/publication/48008
|